| 000 | 00455nam a2200181 a 4500 | ||
|---|---|---|---|
| 001 | 4041 | ||
| 003 | CO-ViMGA | ||
| 008 | 141112s2004 ck r 000 u spa d | ||
| 040 |
_aCO-ViMGA _bspa _cCO-ViMGA |
||
| 082 | 0 | 4 | _a861.3 J815p |
| 100 | 1 |
_aJuan de la Cruz, _95090 |
|
| 245 | 1 | 0 | _aPoesías completas |
| 260 |
_aMadrid : _bM.E., _c1995 |
||
| 300 | _a160 p | ||
| 490 | _aClásicos de siempre, 47 | ||
| 650 | 1 | 4 |
_aPOESIA ESPAÑOLA _93200 |
| 942 |
_2ddc _cBK |
||
| 999 |
_c16057 _d16057 |
||